|
|
|
|
| LEADER |
00000ny aa2200000n 44500 |
| 005 |
20110518133041.0 |
| 008 |
110504s20009999bl u b i0 0 a por d |
| 022 |
|
|
|a 2175-8085
|
| 035 |
|
|
|a 5408
|
| 040 |
|
|
|a vLex
|
| 090 |
|
|
|c 2109
|d 2109
|
| 245 |
0 |
0 |
|a Textos de economia
|h [Recurso electrn̤ico] /
|c Universidade Federal de Santa Catarina
|
| 256 |
|
|
|a Servicio en ln̕ea.
|
| 260 |
|
|
|a [s.l]:
|b Universidade Federal de Santa Catarina
|
| 300 |
|
|
|a 1 recurso electrn̤ico
|
| 506 |
1 |
|
|a Contenido solo disponible en los productos indicados
|d vLex Global
|d vLex Global (Academic Edition, excluding Law Schools)
|d vLex Global (U.S. Academic Edition, Law Schools)
|d vLex Global (U.S. Academic Edition, excluding Law Schools)
|d vLex Global (Academic Edition, Law Schools)
|
| 650 |
0 |
4 |
|a Economa̕
|
| 710 |
2 |
|
|a Universidade Federal de Santa Catarina
|
| 740 |
0 |
|
|a vLex Revistas (Servicio en ln̕ea)
|
| 856 |
|
|
|u http://vlex.com/source/textos-economia-5408
|z Acceso restringido
|
| 942 |
|
|
|c REV
|